|
|
|
|
| LEADER |
01382nam a22002897a 4500 |
| 001 |
39652 |
| 003 |
BD-DhAAL |
| 008 |
220922t2021 enk 001|0|eng|d |
| 999 |
|
|
|c 44552
|d 44552
|
| 020 |
|
|
|a 9781800204492
|
| 040 |
|
|
|a BD-DhAAL
|c BD-DhAAL
|
| 082 |
|
|
|a 006.31
|2 23
|
| 100 |
|
|
|a Stamile, Claudio,
|e author.
|9 51510
|
| 245 |
|
|
|a Graph machine learning :
|b take graph data to the next level by applying machine learning techniques and algorithms /
|c Claudio Stamile, Aldo Marzullo, Enrico Deusebio.
|
| 260 |
|
|
|a Birmingham :
|b Packt Publishing,
|c 2021.
|
| 300 |
|
|
|a xi, 319 pages :
|b illustrations ;
|c 24 cm.
|
| 526 |
|
|
|a CSE
|
| 541 |
|
|
|a Book Finder International
|e 39652, 39653
|
| 650 |
|
|
|a Machine learning.
|9 51511
|
| 650 |
|
|
|a Graph theory
|x Data processing.
|9 51512
|
| 650 |
|
|
|a Computer science.
|9 51513
|
| 700 |
|
|
|a Marzullo, Aldo
|9 51514
|
| 700 |
|
|
|a Deusebio, Enrico
|9 51515
|
| 852 |
|
|
|a Ayesha Abed Library
|c General Stacks
|
| 942 |
|
|
|2 ddc
|c BK
|
| 952 |
|
|
|0 0
|1 0
|2 ddc
|4 0
|6 006_310000000000000_STA
|7 0
|9 71795
|a BRACUL
|b BRACUL
|c GEN
|d 2022-09-11
|e Book Finder International
|g 3673.04
|l 2
|m 30
|o 006.31 STA
|p 3010039652
|r 2024-12-22
|s 2024-06-08
|t 1
|v 3673.04
|w 2022-09-11
|y BK
|
| 952 |
|
|
|0 0
|1 0
|2 ddc
|4 0
|6 006_310000000000000_STA
|7 0
|9 71796
|a BRACUL
|b BRACUL
|c GEN
|d 2022-09-11
|e Book Finder International
|g 3673.04
|l 4
|m 33
|o 006.31 STA
|p 3010039653
|r 2025-11-20
|s 2025-10-30
|t 2
|v 3673.04
|w 2022-09-11
|y BK
|